| 000 | 01552nam a2200373 c 4500 | ||
|---|---|---|---|
| 003 | BLK | ||
| 005 | 20230401030254.0 | ||
| 008 | 180409b bul|||||r ||||||| ||bul|| | ||
| 010 | _aKNG00142448000 | ||
| 040 | _aBLK | ||
| 041 |
_aBUL _cBUL |
||
| 080 |
_aБългарска литература _b821.163.2 _x(092) _z821.163.2(092) |
||
| 080 |
_aБългарска литература _b821.163.2 _x-31 _z821.163.2-31 |
||
| 080 |
_aБългарски поет _b929 Яворов, Пейо Крачолов _x _z929 Яворов, Пейо Крачолов |
||
| 100 | 1 |
_aГеоргиев, Любен _eпърви автор _gХристов, Любен Георгиев _9363917 |
|
| 139 |
_aГеоргиев, Любен _bЯ 18 |
||
| 245 | 1 | 0 |
_aПейо Яворов _bРоманизирана моногр. _cЛюбен Георгиев. |
| 250 | _a2. прераб. изд. | ||
| 257 | _aBGR | ||
| 260 |
_аСофия _bОФ _c1982 _fВраца : В. Александров |
||
| 300 |
_a395 с. _c21 см |
||
| 380 | _a82 | ||
| 500 | _a1. изд. 1972 в библ. Бележити българи. - 15 200 тир. | ||
| 650 | 4 |
_aПоети, български _9241945 |
|
| 653 | _aбългарска литература | ||
| 653 | _aбългарски писатели | ||
| 653 | _aбългарски поети | ||
| 852 | _aЦб 112906 | ||
| 856 | 4 |
_qpdf _u |
|
| 856 | 4 |
_qpdf _u |
|
| 942 |
_cKNG _n0 |
||
| 944 |
_aCR _c26.09.2016 _kВаля_Йорданова |
||
| 944 |
_aED _c26.09.2016 _kВаля_Йорданова |
||
| 999 |
_c136503 _d136503 |
||